The Villains of Doctor Who - Statistics

General Stats
  • This quiz has been taken 2,254 times
    1,815 since last reset
  • The average score is 10 of 15
Answer Stats
Hint Answer % Correct
The last opposing Time Lord The Master
96%
"Don't Blink" The Weeping Angels
95%
"Delete Delete" Cybermen
90%
The oldest enemy of The Doctor Daleks
85%
The creator of the Daleks Davros
85%
"The last living human" Lady Cassandra
75%
Criminals from the planet Raxacoricofallapatorius Slitheen
71%
They are big and red, they can shape-shift into anything Zygons
61%
The "shadows that melt the flesh" Vashta Nerada
60%
A very aggressive clone-warrior race Sontarans
57%
A religous order that have been directing human evolution for centuries The Silence
56%
Also known as Living Plastic Autons
53%
A formless entity who took the form of snow in 1892 The Great Intelligence
48%
designed by a nine year old, this creature absorbed Ursula and other victums... Abzorbaloff
33%
The Plasmavore hiding from the jadoon Florence Finnegan
11%
No matching quizzes found
Score Distribution
Percent of People with Each Score
Percentile by Number Answered
Your Score History
You have not taken this quiz since the last reset